01802nam a22002537a 450000500170000000800410001701000150005802000260007303500130009903700150011204000130012708200130014010000300015324501150018326000400029827000780033830000270041650000510044350509200049465000390141465000360145365000430148965000160153220101202094948.0101202s2010 ii b 001 0 eng  aENG-102086 a9788132105015c750.00 aEN-85619 bDBAD / PUB aDPLbEng00a658.40631 aMascarenhas, Oswald A. J.10aBusiness transformation strategies :bthe strategic leader as innovation manager /cby Oswald A.J. Mascarenhas aNew Delhi bSage Publicationsc2011 aB1/I-1 Mohan Cooperative Industrial Area, Mathura RoadbNew Delhie110044 axxii,657p.c25cm (pbk) aIncludes bibliographical references and index.0 aAn introduction to business transformation strategies : concepts, constructs, and contexts -- Toward a philosophy of corporate transformation strategies -- The CEO as strategic leader and critical thinker -- The CEO as a strategic leader -- The CEO as a systems thinker -- The CEO as a critical thinker of simple strategic problems -- The CEO as a critical thinker of "wicked" strategic problems -- The CEO as strategic leader of innovation management -- The CEO as a strategic leader of creativity and innovation management -- The CEO as the strategic leader of corporate-wide innovation management -- The CEO as a strategic leader of innovative sustainable competitive advantage -- The CEO as a strategic leader of innovative management of corporate growth -- The CEO as a person of self-mastery through executive spiritual development -- The CEO as a strategic leader with a shared personal and corporate vision. 0aOrganizational changexManagement. 0aStrategic planningxManagement. 0aTechnological innovationsxManagement. 0aLeadership.